Normal view
MARC view
Entry Personal Name
001 - CONTROL NUMBER
- control field: 12497
003 - CONTROL NUMBER IDENTIFIER
- control field: BD-RjUL
005 - DATE AND TIME OF LATEST TRANSACTION
- control field: 20240324112038.0
008 - FIXED-LENGTH DATA ELEMENTS
- fixed length control field: 240324|| aca||aabn | a|a d
040 ## - CATALOGING SOURCE
- Original cataloging agency: BD-RjUL
- Transcribing agency: BD-RjUL
100 ## - HEADING--PERSONAL NAME
- Personal name: Khan, Mohammad Sayedur Rahman
670 ## - SOURCE DATA FOUND
- Source citation: Work cat.: (BD-RjUL)83454: Khan, Mohammad Sayedur Rahman, Studies of the Growth Structure and Some Electrical Proporties of heavy rare earth Dihydride films /, 1976